000 00411nam a2200169Ia 4500
008 230524s9999 xx 000 0 und d
020 _a8187328231
082 _a621.3824
_bRAJ
100 _aV.Soundara Rajan
245 0 _aAntenna Theroy and Wave Propagation
250 _a6TH
260 _aCUTTACK
_bScitech
_c2000
300 _a6.35
500 _aQuantity Number: 2
650 _aElectronics
942 _cBK
999 _c4209
_d4209